| 000 | 00982nam a22002777a 4500 | ||
|---|---|---|---|
| 008 | 081212t xxu||||| |||| 00| 0beng d | ||
| 010 | _aENG-97901 | ||
| 020 |
_c425.00 _a9788184889390 |
||
| 035 | _aEN-81434 | ||
| 037 | _bDBAD / PUB | ||
| 040 |
_adpl _bEnglish |
||
| 082 | _a658.1 | ||
| 100 |
_aAswathappa, K. _93724 |
||
| 245 |
_aOrganisational behaviour / _cby K. Aswathappa |
||
| 250 | _a9th ed. | ||
| 260 |
_aMumbai _bHimalaya Publishing House _c2010 |
||
| 270 |
_a"Ramdiit", Dr. Bhale Marg, Girgaon,rao _bMumbai _e400004 |
||
| 300 |
_a706p. _c28cm (pbk) |
||
| 500 | _aIncludes Bibliographicals references and index | ||
| 600 |
_aBaba Visakha Singh _xBiography. _93725 |
||
| 650 |
_aOrganisational behavior _95078 |
||
| 650 |
_aManagement _95127 |
||
| 700 | _94917 | ||
| 942 |
_2ddc _cEN _mASW _h658.1 |
||
| 999 |
_c38965 _d38965 |
||